000 01101nam a22002537a 4500
999 _c21245
_d21245
003 AR-CdUCM
008 190524b ||||| |||| 00| 0 spa d
040 _aMUNICIPALIDAD PROVINCIAL DEL CUSCO
_cBIBLIOTECA MUNICIPAL DEL CUSCO
082 _a625.89 / D51
_bD51
110 _aDirección Desconcentrada de Cultura de Cusco
_944310
245 _aRevalorización de la Medicina tradicional en el sitio arqueologíco de Wayna Tawqaray /
260 _aCusco ;
_bGrafika Press,
_c2018.
300 _a76 Páginas. :
_bilustraciones en color ;
_c21 cm.
505 _aContenido: Antecedentes históricos -- Las plantas medicinales en las crónicas -- Especies vegetales del Sitio Arqueológico de Wayna Tawqaray -- Wayna Tawqaray Inkillkuna orquídeas -- Revalorización de la Medicina tradicional Andina ...
650 _aMedicina tradicional
_914646
650 _aMedicina popular
_96958
650 _aPlantas nativas
_921186
650 _aBotánica
_92790
650 _aFlora
_920658
650 _aCusco Perú
_944381
710 _aMinisterio de Cultura
_96146
942 _2ddc
_cLIBROS
945 _aRoel